000 00343 a2200145 4500
001 165167
020 _a
040 _cMagnum
100 _aMinguet, Pilar Aznar Et Al.
240 1 0 _aA construcao do conhecimento na educacao
_lpor
245 1 0 _aA construcao do conhecimento na educacao
362 0 _a1899
697 _aENSINO
942 _cBK
999 _c165167
_d165167